[Event "Hessen-ch Seniors op 10th"]
[Site "Bad Sooden-Allendorf"]
[Date "2014.05.04"]
[Round "9"]
[White "Barlo, Werner"]
[Black "Mentel, Juergen"]
[Result "1/2-1/2"]
[WhiteElo "1845"]
[BlackElo "2014"]
[PlyCount "37"]
[EventDate "2014.04.26"]
[EventType "swiss"]
[EventRounds "9"]
[EventCountry "GER"]
[SourceTitle "EXT 2018"]
[Source "ChessBase"]
[SourceDate "2017.10.13"]
[SourceVersion "1"]
[SourceVersionDate "2017.10.13"]
[SourceQuality "1"]

1. d4 d6 2. g3 c5 3. Nf3 Bg4 4. Bg2 h6 5. c4 Nd7 6. Nc3 Qc7 7. h3 Bh5 8. 0-0 e5 9. g4 Bg6 10. e4 Ngf6 11. Nh4 Bh7 12. Be3 g5 13. Nf5 Bxf5 14. exf5 exd4 15. Bxd4 0-0-0 16. Qb3 a6 17. Na4 Be7 18. Nb6+ Kb8 19. Nxd7+ 1/2-1/2

[Event "Hessen-ch Seniors op 10th"]
[Site "Bad Sooden-Allendorf"]
[Date "2014.04.30"]
[Round "5"]
[White "Kynast, Reinhard"]
[Black "Mentel, Juergen"]
[Result "1/2-1/2"]
[WhiteElo "1867"]
[BlackElo "2014"]
[PlyCount "34"]
[EventDate "2014.04.26"]
[EventType "swiss"]
[EventRounds "9"]
[EventCountry "GER"]
[SourceTitle "EXT 2018"]
[Source "ChessBase"]
[SourceDate "2017.10.13"]
[SourceVersion "1"]
[SourceVersionDate "2017.10.13"]
[SourceQuality "1"]

1. c4 d6 2. Nc3 g6 3. d4 Bg7 4. e4 Nd7 5. Nf3 c5 6. Be2 cxd4 7. Nxd4 Ne5 8. Be3 Nf6 9. f3 0-0 10. 0-0 Bd7 11. Qd2 Nc6 12. Rfd1 Ne8 13. Rac1 b6 14. b3 Nc7 15. f4 Ne6 16. Nc2 Nc5 17. Bf3 Rc8 1/2-1/2

[Event "Hessen-ch Seniors op 10th"]
[Site "Bad Sooden-Allendorf"]
[Date "2014.04.27"]
[Round "2"]
[White "Mentel, Juergen"]
[Black "Reichel, Rolf"]
[Result "1/2-1/2"]
[WhiteElo "2014"]
[BlackElo "1776"]
[PlyCount "35"]
[EventDate "2014.04.26"]
[EventType "swiss"]
[EventRounds "9"]
[EventCountry "GER"]
[SourceTitle "EXT 2018"]
[Source "ChessBase"]
[SourceDate "2017.10.13"]
[SourceVersion "1"]
[SourceVersionDate "2017.10.13"]
[SourceQuality "1"]

1. e4 c5 2. Nf3 Nc6 3. Bb5 a6 4. Bxc6 bxc6 5. e5 d6 6. exd6 exd6 7. 0-0 Nf6 8. d3 Be7 9. Bg5 Bb7 10. h3 0-0 11. Nbd2 Nd5 12. Bxe7 Qxe7 13. Ne4 h6 14. Qd2 f5 15. Nc3 Qf6 16. Ne2 f4 17. c4 Ne7 18. Kh2 1/2-1/2

[Event "Mecklenburg VP VL 1314"]
[Site "Mecklenburg VP"]
[Date "2014.02.23"]
[Round "6.7"]
[White "Schumann, Rabea"]
[Black "Mentel, Juergen"]
[Result "1-0"]
[WhiteElo "1687"]
[BlackElo "1876"]
[PlyCount "111"]
[EventDate "2013.10.20"]
[EventType "team-tourn"]
[EventRounds "9"]
[EventCountry "GER"]
[SourceTitle "EXT 2022"]
[Source "ChessBase"]
[SourceDate "2021.10.06"]
[SourceVersion "1"]
[SourceVersionDate "2021.10.06"]
[SourceQuality "1"]
[WhiteTeam "Rostock SSC 07 II"]
[BlackTeam "Greifswald II"]
[WhiteTeamCountry "GER"]
[BlackTeamCountry "GER"]

1. c4 d6 2. g3 e5 3. Bg2 Nc6 4. Nc3 Be6 5. d3 Qd7 6. Nf3 Bh3 7. 0-0 h6 8. d4 Bxg2 9. Kxg2 exd4 10. Nxd4 Nf6 11. e4 Be7 12. Re1 0-0 13. b3 Ne8 14. Bb2 Bf6 15. Nd5 Bd8 16. Qd2 Ne5 17. Rad1 c6 18. Nc3 Kh7 19. f4 Ng6 20. Nf5 Bc7 21. Nxd6 Qxd6 22. Qe3 Qe7 23. e5 Kg8 24. Ne4 Bb6 25. Qe2 Ba5 26. Rf1 Rd8 27. Qf3 Rxd1 28. Rxd1 Bb4 29. Qd3 Nc7 30. Qd7 Na6 31. Qxe7 Bxe7 32. Rd7 Nc5 33. Rxe7 Nxe4 34. Rxb7 Ra8 35. Rc7 c5 36. Kf3 f5 37. exf6 Nxf6 38. Rxc5 a5 39. Rb5 Nd7 40. Bc3 a4 41. b4 Rc8 42. c5 Ne7 43. Rb7 Nd5 44. Bxg7 Nxc5 45. bxc5 Rxc5 46. Bxh6 Rc2 47. Rg7+ Kh8 48. Rd7 Nb4 49. h4 Rxa2 50. Ra7 Nc6 51. Ra6 Nd4+ 52. Ke4 Ne6 53. Rxe6 Re2+ 54. Kf5 Rxe6 55. Kxe6 a3 56. Bg5 1-0

[Event "Hessen-ch Seniors op 09th"]
[Site "Bad Sooden-Allendorf"]
[Date "2013.04.26"]
[Round "7"]
[White "Mewes, Hans Dieter"]
[Black "Mentel, Juergen"]
[Result "1/2-1/2"]
[WhiteElo "1891"]
[BlackElo "2038"]
[PlyCount "21"]
[EventDate "2013.04.20"]
[EventType "swiss"]
[EventRounds "9"]
[EventCountry "GER"]
[SourceTitle "EXT 2019"]
[Source "ChessBase"]
[SourceDate "2018.10.10"]
[SourceVersion "1"]
[SourceVersionDate "2018.10.10"]
[SourceQuality "1"]

1. d4 d6 2. Nf3 c6 3. e4 Nf6 4. Bd3 e5 5. 0-0 Qc7 6. dxe5 dxe5 7. h3 h6 8. Be3 Be6 9. Nbd2 Nbd7 10. Nh2 Nc5 11. Qe2 1/2-1/2

[Event "Hessen-ch Seniors op 09th"]
[Site "Bad Sooden-Allendorf"]
[Date "2013.04.25"]
[Round "6"]
[White "Mentel, Juergen"]
[Black "Jung, Michael"]
[Result "1/2-1/2"]
[WhiteElo "2038"]
[BlackElo "1813"]
[PlyCount "31"]
[EventDate "2013.04.20"]
[EventType "swiss"]
[EventRounds "9"]
[EventCountry "GER"]
[SourceTitle "EXT 2019"]
[Source "ChessBase"]
[SourceDate "2018.10.10"]
[SourceVersion "1"]
[SourceVersionDate "2018.10.10"]
[SourceQuality "1"]

1. e4 g6 2. d4 Bg7 3. Nf3 d6 4. Bd3 Nd7 5. 0-0 h6 6. Be3 e6 7. c3 Ne7 8. Qd2 a6 9. Ne1 b6 10. f4 f5 11. e5 0-0 12. exd6 cxd6 13. Qe2 Nf6 14. Nd2 Bb7 15. Bc4 Qd7 16. g3 1/2-1/2

[Event "Hessen-ch Seniors op 09th"]
[Site "Bad Sooden-Allendorf"]
[Date "2013.04.21"]
[Round "2"]
[White "Mentel, Juergen"]
[Black "Weidlich, Guenter"]
[Result "0-1"]
[WhiteElo "2038"]
[BlackElo "2272"]
[PlyCount "98"]
[EventDate "2013.04.20"]
[EventType "swiss"]
[EventRounds "9"]
[EventCountry "GER"]
[SourceTitle "EXT 2019"]
[Source "ChessBase"]
[SourceDate "2018.10.10"]
[SourceVersion "1"]
[SourceVersionDate "2018.10.10"]
[SourceQuality "1"]

1. e4 g6 2. d4 Bg7 3. Nf3 d6 4. c3 Nf6 5. Bd3 0-0 6. 0-0 Nc6 7. h3 Nd7 8. Bg5 h6 9. Be3 e5 10. Na3 Kh7 11. Nc2 f5 12. exf5 gxf5 13. Nh2 e4 14. Be2 f4 15. Bd2 Qf6 16. f3 e3 17. Be1 Nb6 18. Bd3+ Kh8 19. Qe2 d5 20. Kh1 h5 21. Rg1 h4 22. Ng4 Qg5 23. Na3 a6 24. b4 Ne7 25. Rd1 c6 26. Bc2 Bf5 27. Bb3 Ng6 28. c4 Qe7 29. c5 Nd7 30. Bc2 Qe6 31. Bc3 Nf6 32. Bxf5 Qxf5 33. Qd3 Qxd3 34. Rxd3 Nh5 35. Re1 Ng3+ 36. Kg1 Nf5 37. Kf1 Ng3+ 38. Kg1 Rfe8 39. Nc2 Kg8 40. Nh2 Nf8 41. Nf1 Nf5 42. Re2 Kf7 43. Be1 Ne6 44. Nh2 Nexd4 45. Nxd4 Nxd4 46. Rxd4 Bxd4 47. Bxh4 Bc3 48. a3 d4 49. Rc2 a5 0-1

[Event "Mecklenburg VP LL2 Ost 1213"]
[Site "Mecklenburg VP"]
[Date "2012.12.09"]
[Round "4.5"]
[White "Fechner, Henrik"]
[Black "Mentel, Juergen"]
[Result "0-1"]
[WhiteElo "1762"]
[BlackElo "1862"]
[PlyCount "88"]
[EventDate "2012.10.14"]
[EventType "team-tourn"]
[EventRounds "9"]
[EventCountry "GER"]
[SourceTitle "EXT 2022"]
[Source "ChessBase"]
[SourceDate "2021.10.06"]
[SourceVersion "1"]
[SourceVersionDate "2021.10.06"]
[SourceQuality "1"]
[WhiteTeam "Malchow Schachinsel"]
[BlackTeam "Greifswald II"]
[WhiteTeamCountry "GER"]
[BlackTeamCountry "GER"]

1. d4 d6 2. c4 e5 3. dxe5 dxe5 4. Qxd8+ Kxd8 5. Nc3 Be6 6. e3 c6 7. Nf3 f6 8. Be2 Nh6 9. 0-0 Nf7 10. Ne4 Nd7 11. b3 Kc7 12. Bb2 a5 13. a3 Be7 14. Rfd1 Bf5 15. Bd3 Bg4 16. Be2 Be6 17. Rd2 g5 18. Rad1 Rad8 19. Ne1 h5 20. Nc2 g4 21. b4 axb4 22. axb4 b6 23. Ra1 Ra8 24. Rxa8 Rxa8 25. Nc3 Nd6 26. Na3 f5 27. Rd1 f4 28. e4 Nf7 29. Nc2 Rg8 30. b5 f3 31. Bd3 Nc5 32. Ne3 Nxd3 33. Rxd3 Bc5 34. Ncd1 Ra8 35. Rd2 Ra4 36. bxc6 Kxc6 37. Rc2 Nd6 38. Bxe5 Nxc4 39. Nxc4 Bxc4 40. gxf3 Bb3 41. Rc1 gxf3 42. Nc3 Ra8 43. h4 Rg8+ 44. Bg3 Rxg3+ 0-1

[Event "Hessen-ch Seniors op 08th"]
[Site "Bad Sooden-Allendorf"]
[Date "2012.04.16"]
[Round "3"]
[White "Mentel, Juergen"]
[Black "Knobling, Rolf"]
[Result "1-0"]
[WhiteElo "2056"]
[BlackElo "1627"]
[PlyCount "95"]
[EventDate "2012.04.14"]
[EventType "swiss"]
[EventRounds "9"]
[EventCountry "GER"]
[SourceTitle "EXT 2019"]
[Source "ChessBase"]
[SourceDate "2018.10.10"]
[SourceVersion "1"]
[SourceVersionDate "2018.10.10"]
[SourceQuality "1"]

1. e4 c5 2. Nf3 Nc6 3. Bb5 a6 4. Bxc6 bxc6 5. d4 cxd4 6. Qxd4 d6 7. e5 d5 8. 0-0 e6 9. Rd1 c5 10. Qg4 h6 11. c3 Ne7 12. Nbd2 Ng6 13. Qa4+ Bd7 14. Qc2 Be7 15. Nf1 Qc7 16. Re1 0-0 17. a3 Rfc8 18. h4 Nh8 19. N1h2 f5 20. exf6 Bxf6 21. Ng4 Rf8 22. Bf4 Qc8 23. Be5 Bxe5 24. Nfxe5 Be8 25. Qe2 Rf5 26. f4 c4 27. Qe3 h5 28. Nh2 Qc7 29. Nef3 Rf6 30. Ng5 Rc8 31. Ngf3 Bd7 32. Qe2 Re8 33. Ne5 g6 34. Qe3 a5 35. Nxd7 Qxd7 36. Qb6 a4 37. Re2 Nf7 38. Rae1 Nd8 39. Nf3 Nf7 40. Nd4 Nd8 41. Re5 Kf7 42. Nb5 Nb7 43. Qxb7 Qxb7 44. Nd6+ Ke7 45. Nxb7 Rb8 46. Nc5 Rxb2 47. R1e2 Rxe2 48. Rxe2 1-0

[Event "Bad Woerishofen Seniors op 28th"]
[Site "Bad Woerishofen"]
[Date "2012.03.03"]
[Round "2.30"]
[White "Mentel, Juergen"]
[Black "Papa, Heiner"]
[Result "1/2-1/2"]
[WhiteElo "1866"]
[BlackElo "1783"]
[PlyCount "43"]
[EventDate "2012.03.02"]
[EventType "swiss"]
[EventRounds "9"]
[EventCountry "GER"]
[SourceTitle "EXT 2022"]
[Source "ChessBase"]
[SourceDate "2021.10.06"]
[SourceVersion "1"]
[SourceVersionDate "2021.10.06"]
[SourceQuality "1"]

1. e4 g6 2. d4 Bg7 3. Nc3 d6 4. Be3 Nc6 5. h3 e5 6. Nf3 exd4 7. Nxd4 Nge7 8. Qd2 a6 9. Be2 0-0 10. Nf3 Be6 11. Ng5 Bd7 12. h4 h6 13. Nf3 h5 14. Bh6 Bg4 15. Bxg7 Kxg7 16. Ng5 Bxe2 17. Nxe2 Qd7 18. f3 Kg8 19. 0-0-0 Ne5 20. Qc3 Qc6 21. Qd4 Nc4 22. Nc3 1/2-1/2

[Event "Bayern-chI Bank Hofmann 15th"]
[Site "Bad Wiessee"]
[Date "2011.10.29"]
[Round "1"]
[White "Mentel, Juergen"]
[Black "Ziska, Helgi Dam"]
[Result "0-1"]
[WhiteElo "2063"]
[BlackElo "2460"]
[PlyCount "68"]
[EventDate "2011.10.29"]
[EventType "swiss"]
[EventRounds "9"]
[EventCountry "GER"]
[SourceTitle "EXT 2012"]
[Source "ChessBase"]
[SourceDate "2011.11.24"]
[SourceVersion "1"]
[SourceVersionDate "2011.11.24"]
[SourceQuality "1"]

1. e4 c5 2. Nf3 d6 3. d4 cxd4 4. Nxd4 Nf6 5. f3 e5 6. Bb5+ Nbd7 7. Nf5 d5 8. exd5 Qa5+ 9. Nc3 a6 10. Bxd7+ Bxd7 11. Ne3 Bc5 12. 0-0 Bd4 13. Bd2 Nxd5 14. Ncxd5 Qxd5 15. c3 Ba7 16. Kh1 Qc6 17. Qc2 0-0 18. Rfe1 f5 19. Nf1 Rae8 20. Be3 Bb8 21. Nd2 Rf6 22. Nb3 b6 23. a4 a5 24. c4 Be6 25. Nd2 Bd6 26. b3 Bb4 27. Rf1 Bc8 28. Rad1 Rg6 29. Nb1 f4 30. Bg1 e4 31. fxe4 Rxe4 32. Rd8+ Re8 33. Rxe8+ Qxe8 34. Bxb6 Rxb6 0-1

[Event "Hessen-ch Seniors op 07th"]
[Site "Bad Sooden-Allendorf"]
[Date "2011.05.03"]
[Round "4"]
[White "Mentel, Juergen"]
[Black "Reimann, Guenther"]
[Result "1/2-1/2"]
[WhiteElo "1904"]
[BlackElo "1733"]
[PlyCount "48"]
[EventDate "2011.04.30"]
[EventType "swiss"]
[EventRounds "9"]
[EventCountry "GER"]
[SourceTitle "EXT 2012"]
[Source "ChessBase"]
[SourceDate "2011.11.24"]
[SourceVersion "1"]
[SourceVersionDate "2011.11.24"]
[SourceQuality "1"]

1. e4 e6 2. d3 d5 3. Nd2 Nf6 4. Ngf3 Be7 5. g3 0-0 6. Bg2 Nc6 7. 0-0 e5 8. exd5 Nxd5 9. Nc4 f6 10. Ne3 Be6 11. c3 Qd7 12. Qe2 Rad8 13. Rd1 Rfe8 14. Nxd5 Bxd5 15. Be3 a6 16. Qf1 Bf7 17. Ne1 Bh5 18. Rd2 Bf8 19. f3 Bf7 20. b3 Ne7 21. Rc2 b5 22. Rd1 Nd5 23. Bf2 c5 24. a3 Bg6 1/2-1/2

[Event "GER-chT Seniors 19th"]
[Site "Eckernfoerde"]
[Date "2010.09.14"]
[Round "2.3"]
[White "Rozov, Boris"]
[Black "Mentel, Juergen"]
[Result "1/2-1/2"]
[WhiteElo "2068"]
[BlackElo "2011"]
[PlyCount "68"]
[EventDate "2010.09.13"]
[EventType "team-swiss"]
[EventRounds "7"]
[EventCountry "GER"]
[SourceTitle "EXT 2011"]
[Source "ChessBase"]
[SourceDate "2010.11.26"]
[SourceVersion "1"]
[SourceVersionDate "2010.11.26"]
[SourceQuality "1"]
[WhiteTeam "Sachsen"]
[BlackTeam "Mecklenburg Vorpommern"]
[WhiteTeamCountry "GER"]
[BlackTeamCountry "GER"]

1. d4 d6 2. e4 Nf6 3. Nc3 c6 4. Bg5 Qa5 5. Qd2 h6 6. Bh4 Nbd7 7. Nf3 g5 8. Bg3 Nh5 9. Bc4 Bg7 10. Bb3 c5 11. dxc5 Nxc5 12. 0-0 Be6 13. Nd4 Bd7 14. Bc4 Nxg3 15. fxg3 e6 16. Rad1 a6 17. a3 Qc7 18. b4 Na4 19. Nxa4 b5 20. Ba2 bxa4 21. Nf3 Bb5 22. c4 Bc6 23. Qxd6 Qxd6 24. Rxd6 Bxe4 25. Re1 Ke7 26. c5 Bb7 27. Ne5 Bxe5 28. Rxe5 Rhd8 29. Rb6 Rd1+ 30. Kf2 Rd2+ 31. Re2 Rxe2+ 32. Kxe2 Bxg2 33. Bc4 a5 34. b5 Ra7 1/2-1/2

[Event "Bayern-chI Bank Hofmann 13th"]
[Site "Bad Wiessee"]
[Date "2009.11.02"]
[Round "4"]
[White "Reefschlaeger, Helmut"]
[Black "Mentel, Juergen"]
[Result "1-0"]
[WhiteElo "2313"]
[BlackElo "2146"]
[PlyCount "25"]
[EventDate "2009.10.31"]
[EventType "swiss"]
[EventRounds "9"]
[EventCountry "GER"]
[SourceTitle "EXT 2010"]
[Source "ChessBase"]
[SourceDate "2010.11.25"]
[SourceVersion "1"]
[SourceVersionDate "2010.11.25"]
[SourceQuality "1"]

1. d4 d6 2. g3 e5 3. Nf3 Nd7 4. c4 c6 5. Nc3 exd4 6. Nxd4 Ne5 7. Bg2 Qc7 8. b3 g6 9. 0-0 Nf6 10. Bb2 Bg7 11. Ndb5 cxb5 12. Nxb5 Qa5 13. Qxd6 1-0

[Event "Hessen-ch Seniors op 05th"]
[Site "Bad Sooden-Allendorf"]
[Date "2009.05.02"]
[Round "8"]
[White "Mentel, Juergen"]
[Black "Krotofil, Kurt"]
[Result "1/2-1/2"]
[WhiteElo "1997"]
[BlackElo "1855"]
[PlyCount "52"]
[EventDate "2009.04.25"]
[EventType "swiss"]
[EventRounds "9"]
[EventCountry "GER"]
[SourceTitle "EXT 2022"]
[Source "ChessBase"]
[SourceDate "2021.10.06"]
[SourceVersion "1"]
[SourceVersionDate "2021.10.06"]
[SourceQuality "1"]

1. e4 c5 2. Nf3 Nc6 3. Bb5 g6 4. 0-0 Bg7 5. c3 Nf6 6. Re1 0-0 7. d4 cxd4 8. cxd4 d5 9. e5 Ne4 10. Nbd2 Nxd2 11. Bxd2 Bg4 12. Be3 Rc8 13. Qd2 Bxf3 14. gxf3 Qa5 15. Qxa5 Nxa5 16. b3 Rc7 17. Rac1 Rfc8 18. Kf1 e6 19. Rxc7 Rxc7 20. Rc1 Rxc1+ 21. Bxc1 Bf8 22. Bd2 Nc6 23. Bxc6 bxc6 24. b4 Be7 25. Ke2 Kf8 26. Kd3 Ke8 1/2-1/2

[Event "Hessen-ch Seniors op 05th"]
[Site "Bad Sooden-Allendorf"]
[Date "2009.04.29"]
[Round "5"]
[White "Neumann, Horst"]
[Black "Mentel, Juergen"]
[Result "0-1"]
[WhiteElo "1827"]
[BlackElo "1997"]
[PlyCount "95"]
[EventDate "2009.04.25"]
[EventType "swiss"]
[EventRounds "9"]
[EventCountry "GER"]
[SourceTitle "EXT 2022"]
[Source "ChessBase"]
[SourceDate "2021.10.06"]
[SourceVersion "1"]
[SourceVersionDate "2021.10.06"]
[SourceQuality "1"]

1. d4 d6 2. Nf3 Bg4 3. e4 Nf6 4. Qd3 c6 5. Nbd2 e6 6. Be2 Be7 7. 0-0 0-0 8. Re1 Qc7 9. Nf1 Nbd7 10. Ng3 d5 11. Bg5 dxe4 12. Nxe4 Bf5 13. Bxf6 Nxf6 14. Nxf6+ Bxf6 15. Qd2 c5 16. c3 Rfd8 17. Rac1 Qe7 18. Qf4 cxd4 19. cxd4 Qb4 20. b3 h6 21. Red1 Qa5 22. a4 Qb4 23. Bc4 a6 24. g4 Bg6 25. g5 hxg5 26. Nxg5 Qd6 27. Qxd6 Rxd6 28. Nf3 Rad8 29. Be2 Rb6 30. Rc3 Be4 31. Ne5 Rbd6 32. Nf3 e5 33. Re3 Bc2 34. Rc1 exd4 35. Rxc2 dxe3 36. fxe3 Kf8 37. Kf2 Ke7 38. Rc7+ R8d7 39. Rxd7+ Rxd7 40. Bc4 Rc7 41. Ke2 Rc5 42. e4 Bb2 43. Kf2 f6 44. Kg2 Rh5 45. h3 Be5 46. Bd5 b6 47. Bc4 a5 48. Bd3 0-1

[Event "Hessen-ch Seniors op 05th"]
[Site "Bad Sooden-Allendorf"]
[Date "2009.04.27"]
[Round "3"]
[White "Mentel, Juergen"]
[Black "Haubt, Georg"]
[Result "1/2-1/2"]
[WhiteElo "1997"]
[BlackElo "2213"]
[PlyCount "88"]
[EventDate "2009.04.25"]
[EventType "swiss"]
[EventRounds "9"]
[EventCountry "GER"]
[SourceTitle "EXT 2022"]
[Source "ChessBase"]
[SourceDate "2021.10.06"]
[SourceVersion "1"]
[SourceVersionDate "2021.10.06"]
[SourceQuality "1"]

1. e4 d5 2. exd5 Qxd5 3. Nc3 Qd6 4. d4 Nf6 5. Bd3 Nc6 6. Nge2 Bg4 7. f3 Bh5 8. Be3 Bg6 9. Ne4 Nxe4 10. fxe4 e5 11. d5 Nb4 12. 0-0 Be7 13. a3 Nxd3 14. cxd3 0-0 15. Nc3 Qd7 16. Qe2 f5 17. Rad1 Bd6 18. Kh1 a5 19. Bg1 b5 20. Nb1 Rab8 21. Nd2 c6 22. dxc6 Qxc6 23. exf5 Bxf5 24. Ne4 Be7 25. Ng3 Qe6 26. Nxf5 Rxf5 27. Rxf5 Qxf5 28. d4 Bd6 29. Rf1 Qg5 30. Qe4 Kh8 31. Qd5 Be7 32. Qxe5 Qxe5 33. dxe5 Kg8 34. Rc1 Kf7 35. Be3 a4 36. Kg1 b4 37. Rc7 Ke6 38. axb4 Bf8 39. Bc5 Bxc5+ 40. Rxc5 Rxb4 41. Ra5 g5 42. h3 h5 43. Kf1 h4 44. Kg1 Rxb2 1/2-1/2

[Event "Hessen-ch Seniors op 05th"]
[Site "Bad Sooden-Allendorf"]
[Date "2009.04.26"]
[Round "2"]
[White "Wieprecht, Gerhard"]
[Black "Mentel, Juergen"]
[Result "0-1"]
[WhiteElo "1734"]
[BlackElo "1997"]
[PlyCount "75"]
[EventDate "2009.04.25"]
[EventType "swiss"]
[EventRounds "9"]
[EventCountry "GER"]
[SourceTitle "EXT 2022"]
[Source "ChessBase"]
[SourceDate "2021.10.06"]
[SourceVersion "1"]
[SourceVersionDate "2021.10.06"]
[SourceQuality "1"]

1. e4 c5 2. Nf3 a6 3. c4 e6 4. d4 cxd4 5. Nxd4 Qc7 6. Nc3 Nc6 7. Be3 Nf6 8. Be2 Bb4 9. Nxc6 dxc6 10. f3 e5 11. 0-0 Be6 12. Qc2 0-0 13. a3 Be7 14. c5 Nd7 15. b4 f5 16. exf5 Bxf5 17. Qb3+ Kh8 18. Ne4 Nf6 19. Nd6 Bxd6 20. cxd6 Qd7 21. Rad1 Nd5 22. Bc4 Be6 23. Bc5 Bg8 24. Bxd5 cxd5 25. Qe3 Rfe8 26. Rfe1 Rab8 27. Ba7 Rbc8 28. Bc5 Rc6 29. a4 d4 30. Bxd4 Rxd6 31. Rd2 Rd8 32. Qg5 Rxd4 33. Rde2 Rd1 34. Rxe5 Qd4+ 35. Kh1 Qxb4 36. Qg3 Rxe1+ 37. Rxe1 Qxa4 38. h3 0-1

[Event "Bad Woerishofen op 25th"]
[Site "Bad Woerishofen"]
[Date "2009.03.12"]
[Round "8"]
[White "Mentel, Juergen"]
[Black "Zunker, Reinhard"]
[Result "1/2-1/2"]
[WhiteElo "2110"]
[BlackElo "2194"]
[PlyCount "34"]
[EventDate "2009.03.05"]
[EventType "swiss"]
[EventRounds "9"]
[EventCountry "GER"]
[SourceTitle "CBM 129 Extra"]
[Source "ChessBase"]
[SourceDate "2009.05.05"]
[SourceVersion "2"]
[SourceVersionDate "2009.05.20"]
[SourceQuality "1"]

1. e4 c5 2. Nf3 e6 3. d3 Nc6 4. g3 g6 5. d4 cxd4 6. Nxd4 Nf6 7. Bg2 Nxd4 8. Qxd4 d6 9. 0-0 e5 10. Qd3 h5 11. h4 Be6 12. Bg5 Be7 13. c4 Ng4 14. Bxe7 Kxe7 15. Bf3 Qb6 16. Bxg4 hxg4 17. Nc3 Qc6 1/2-1/2

[Event "Mecklenburg VP LL 0809"]
[Site "Mecklenburg VP"]
[Date "2008.10.26"]
[Round "2.3"]
[White "Kutschke, Peter"]
[Black "Mentel, Juergen"]
[Result "1/2-1/2"]
[WhiteElo "1964"]
[BlackElo "1955"]
[PlyCount "44"]
[EventDate "2008.10.05"]
[EventType "team-tourn"]
[EventRounds "9"]
[EventCountry "GER"]
[SourceTitle "EXT 2022"]
[Source "ChessBase"]
[SourceDate "2021.10.06"]
[SourceVersion "1"]
[SourceVersionDate "2021.10.06"]
[SourceQuality "1"]
[WhiteTeam "Rostock HSG Uni"]
[BlackTeam "Greifswald II"]
[WhiteTeamCountry "GER"]
[BlackTeamCountry "GER"]

1. e4 c5 2. c4 Nc6 3. Ne2 Nf6 4. Nbc3 e6 5. d4 cxd4 6. Nxd4 Bb4 7. Qd3 Ne5 8. Qc2 0-0 9. f4 Nc6 10. Nxc6 dxc6 11. e5 Ng4 12. Be2 Nh6 13. a3 Be7 14. Be3 Nf5 15. Qe4 Nxe3 16. Qxe3 b6 17. Ne4 c5 18. Rd1 Qc7 19. 0-0 Bb7 20. Nd6 Rad8 21. Nxb7 Qxb7 22. Bf3 Qc7 1/2-1/2